[Event "BL 2425 FC Bayern München - FC St. Paul"]
[Site "?"]
[Date "2025.04.26"]
[Round "14.8"]
[White "Fedorovsky, Michael"]
[Black "Jahncke, Giso"]
[Result "1-0"]
[WhiteElo "2397"]
[BlackElo "2241"]
[PlyCount "99"]
[EventDate "2025.??.??"]

1. d4 d5 2. c4 c5 3. cxd5 Qxd5 4. Nf3 cxd4 5. Nc3 Qa5 6. Nxd4 Nf6 7. g3 e5 8. Nb3 Qc7 9. Bg2 Bb4 10. Bd2 O-O 11. Rc1 Nc6 12. O-O Rd8 13. Qc2 Be6 14. Bg5 Rac8 15. Ne4 Be7 16. Nxf6+ gxf6 17. Be3 Qd7 18. Qb1 Bf5 19. Be4 Bg6 20. f4 exf4 21. Rxf4 Qe6 22. Bf2 Bd6 23. Rh4 f5 24. Bd3 Ne5 25. Nd4 Rxc1+ 26. Qxc1 Qf6 27. Bxf5 Bxf5 28. Rf4 Nc6 29. Rxf5 Nxd4 30. Qg5+ Qxg5 31. Rxg5+ Kf8 32. Bxd4 Be7 33. Bg7+ Ke8 34. Re5 Rd1+ 35. Kg2 Kd7 36. Re4 f6 37. Bh6 Rb1 38. Rd4+ Ke6 39. Rd2 Bc5 40. e4 b6 41. Kf3 Re1 42. Bf4 h5 43. b3 a6 44. Re2 Rg1 45. Rc2 a5 46. Rc1 f5 47. exf5+ Kxf5 48. Rxg1 Bxg1 49. h3 a4 50. Be3 1-0

[Event "BL 2425 SF Bad Mergentheim - Hamburger S"]
[Site "?"]
[Date "2025.04.26"]
[Round "14.1"]
[White "Grandelius, Nils"]
[Black "Kazakouski, Valery"]
[Result "1/2-1/2"]
[WhiteElo "2640"]
[BlackElo "2563"]
[PlyCount "74"]
[EventDate "2025.??.??"]

1. e4 e5 2. Nf3 Nc6 3. Bb5 Nf6 4. O-O Nxe4 5. Re1 Nd6 6. Nxe5 Be7 7. Bf1 Nf5 8. Nf3 O-O 9. d4 d5 10. Nc3 Bb4 11. h3 h6 12. Bf4 Nce7 13. a3 Ba5 14. b4 Bb6 15. Na4 c6 16. Nxb6 axb6 17. a4 Nd6 18. Bd3 Nc4 19. Qc1 Ng6 20. Bg3 Bd7 21. c3 Re8 22. Rxe8+ Qxe8 23. Qc2 Be6 24. Re1 Ne7 25. Ne5 Nxe5 26. Bxe5 Qd7 27. Re3 Rf8 28. Bf4 Nf5 29. Bxf5 Bxf5 30. Qe2 Be6 31. Qh5 Kh7 32. Rg3 Rg8 33. Qe2 Re8 34. Re3 f6 35. Bg3 Bf7 36. Rxe8 Qxe8 37. Qxe8 Bxe8 1/2-1/2

[Event "BL 2425 SF Bad Mergentheim - Hamburger S"]
[Site "?"]
[Date "2025.04.26"]
[Round "14.2"]
[White "Pultinevicius, Paulius"]
[Black "Svane, Frederik"]
[Result "1/2-1/2"]
[WhiteElo "2558"]
[BlackElo "2668"]
[PlyCount "63"]
[EventDate "2025.??.??"]

1. d4 Nf6 2. c4 e6 3. Nf3 b6 4. a3 Bb7 5. Nc3 d6 6. d5 g6 7. e4 Bg7 8. Bd3 O-O 9. O-O Nbd7 10. h3 Re8 11. Rb1 exd5 12. exd5 c6 13. dxc6 Bxc6 14. Nd4 Bb7 15. Bc2 a6 16. b3 Rc8 17. Nde2 d5 18. cxd5 Nxd5 19. Nxd5 Bxd5 20. Qxd5 Rxc2 21. Nf4 Nf6 22. Qf3 Ne4 23. Be3 Nc3 24. Rbc1 Rxc1 25. Rxc1 Qd6 26. b4 a5 27. Kh1 axb4 28. axb4 h5 29. b5 Nxb5 30. Rc6 Qd7 31. Rxb6 Nd4 32. Qd5 1/2-1/2

[Event "BL 2425 SF Bad Mergentheim - Hamburger S"]
[Site "?"]
[Date "2025.04.26"]
[Round "14.3"]
[White "Svane, Rasmus"]
[Black "Laurusas, Tomas"]
[Result "1-0"]
[WhiteElo "2625"]
[BlackElo "2587"]
[PlyCount "137"]
[EventDate "2025.??.??"]

1. d4 d5 2. c4 c6 3. Nc3 Nf6 4. e3 g6 5. Nf3 Bg7 6. Be2 O-O 7. O-O a6 8. h3 b5 9. b3 Nbd7 10. Bb2 Bb7 11. c5 Ne4 12. b4 Nxc3 13. Bxc3 Qc7 14. a4 Rab8 15. Qc2 Bc8 16. axb5 axb5 17. Ra3 Bb7 18. Rfa1 Ra8 19. Rxa8 Rxa8 20. Rxa8+ Bxa8 21. Qa2 Bb7 22. e4 e6 23. e5 f5 24. Bd2 h6 25. h4 Qd8 26. Be3 Kh7 27. Qd2 Nf8 28. g3 Qa8 29. Kg2 Bc8 30. Qb2 Bd7 31. Bd3 Be8 32. Ng1 Qa4 33. Bc2 Qa7 34. Bd3 Qa4 35. Ne2 Kg8 36. Bc2 Qa7 37. Qc1 Kh7 38. Qb2 Kg8 39. Nc3 Kh7 40. Bd3 Kg8 41. Qc1 Kh7 42. Kh2 Qa8 43. Kg1 Qa6 44. Kh2 Qa8 45. Qb1 Qa3 46. Ne2 Kg8 47. Bc1 Qa4 48. Bc2 Qa7 49. Be3 Qa3 50. Kg2 Kh7 51. g4 Kg8 52. h5 g5 53. gxf5 exf5 54. Bxf5 Bxh5 55. Ng3 Bf7 56. e6 Nxe6 57. Bxe6 Bxe6 58. Qg6 Bg4 59. Qxc6 Qb3 60. Qxb5 Kh7 61. Qb7 h5 62. Qf7 Qd1 63. f3 Qc2+ 64. Bf2 Bh3+ 65. Kxh3 Qxf2 66. Qxh5+ Kg8 67. Qe8+ Kh7 68. Qh5+ Kg8 69. c6 1-0

[Event "BL 2425 SF Bad Mergentheim - Hamburger S"]
[Site "?"]
[Date "2025.04.26"]
[Round "14.4"]
[White "Rakotomaharo, Fy Antenaina"]
[Black "Papp, Gabor"]
[Result "1/2-1/2"]
[WhiteElo "2438"]
[BlackElo "2502"]
[PlyCount "75"]
[EventDate "2025.??.??"]

1. e4 c5 2. Nf3 Nc6 3. Bb5 g6 4. Bxc6 dxc6 5. d3 Qc7 6. a4 e5 7. O-O Nf6 8. Na3 Nh5 9. Nc4 f6 10. Be3 Be7 11. c3 Be6 12. Ncd2 Bf7 13. d4 cxd4 14. cxd4 exd4 15. Nxd4 O-O 16. a5 Rad8 17. Qc2 Nf4 18. N2b3 c5 19. g3 Ne6 20. Nxe6 Bxe6 21. Nxc5 b6 22. axb6 axb6 23. Ra7 Qxa7 24. Nxe6 Rc8 25. Qb3 Rf7 26. Qd5 Qa5 27. Qb7 Qa8 28. Qxa8 Rxa8 29. Rc1 b5 30. Rc6 b4 31. Rb6 Rc8 32. Kg2 g5 33. Bd4 h5 34. h3 Kh7 35. Rb7 Kg8 36. Rb6 Kh7 37. Rb7 Kg8 38. Rb6 1/2-1/2

[Event "BL 2425 SF Bad Mergentheim - Hamburger S"]
[Site "?"]
[Date "2025.04.26"]
[Round "14.5"]
[White "Costa, Leonardo"]
[Black "Razafindratsima, Timothe"]
[Result "1-0"]
[WhiteElo "2510"]
[BlackElo "2475"]
[PlyCount "71"]
[EventDate "2025.??.??"]

1. e4 c5 2. Nf3 d6 3. d4 cxd4 4. Nxd4 Nf6 5. f3 e5 6. Nb3 Be6 7. c4 a5 8. Nc3 a4 9. Nd2 Nc6 10. Nxa4 b5 11. cxb5 Nd4 12. Bd3 Nh5 13. O-O Nf4 14. Bc4 h5 15. Kh1 h4 16. Bxe6 fxe6 17. Nc4 Nfe2 18. Re1 Ng3+ 19. Kg1 d5 20. exd5 Qxd5 21. Ncb6 Bc5 22. Be3 Nde2+ 23. Kf2 Bxe3+ 24. Kxe3 Qxb5 25. Nxa8 O-O 26. hxg3 e4 27. Qxe2 Qg5+ 28. f4 Qxg3+ 29. Kd2 Rxf4 30. Qe3 Rf2+ 31. Re2 Qd6+ 32. Ke1 Rf4 33. Rd1 Qb4+ 34. Nc3 Rg4 35. Qh3 e3 36. Qxe3 1-0

[Event "BL 2425 SF Bad Mergentheim - Hamburger S"]
[Site "?"]
[Date "2025.04.26"]
[Round "14.6"]
[White "Ikonnikov, Vyacheslav"]
[Black "Lubbe, Nikolas"]
[Result "1/2-1/2"]
[WhiteElo "2438"]
[BlackElo "2470"]
[PlyCount "91"]
[EventDate "2025.??.??"]

1. d4 Nf6 2. Nf3 e6 3. c4 Bb4+ 4. Bd2 Qe7 5. e3 O-O 6. Bd3 Bxd2+ 7. Nbxd2 d6 8. Qc2 e5 9. O-O Bg4 10. Ng5 h6 11. Nh7 Nxh7 12. Bxh7+ Kh8 13. Be4 c6 14. Bd3 Nd7 15. h3 Be6 16. f4 exf4 17. exf4 Nf6 18. Rae1 Qc7 19. f5 Bd7 20. Ne4 Nxe4 21. Rxe4 f6 22. Be2 Be8 23. Re1 Bf7 24. Bf1 Rae8 25. Rxe8 Rxe8 26. Rxe8+ Bxe8 27. Qe4 Bf7 28. Qf4 Qe7 29. Kf2 a6 30. a3 Kg8 31. Qe3 Qd8 32. Be2 Kf8 33. b4 a5 34. c5 axb4 35. axb4 dxc5 36. bxc5 Qc7 37. Qg3 Qd8 38. Qf4 Kg8 39. Bf3 Kf8 40. h4 Kg8 41. g4 Kf8 42. Ke3 Kg8 43. Be4 Kf8 44. Bf3 Kg8 45. Kf2 Kf8 46. Ke3 1/2-1/2

[Event "BL 2425 SF Bad Mergentheim - Hamburger S"]
[Site "?"]
[Date "2025.04.26"]
[Round "14.7"]
[White "Kramer, Julian"]
[Black "Neuman, Petr"]
[Result "1-0"]
[WhiteElo "2482"]
[BlackElo "2418"]
[PlyCount "117"]
[EventDate "2025.??.??"]

1. e4 c5 2. Nf3 Nc6 3. Bb5 g6 4. O-O Bg7 5. d3 Nf6 6. Nc3 O-O 7. e5 Ne8 8. Bxc6 dxc6 9. h3 Nc7 10. a4 Be6 11. b3 Bd5 12. Nxd5 Qxd5 13. Re1 Ne6 14. Bb2 f5 15. h4 h6 16. Qd2 Rad8 17. Rad1 Qd7 18. Qe2 g5 19. hxg5 hxg5 20. Qe3 Qe8 21. d4 g4 22. Nh2 Qh5 23. dxc5 Kf7 24. Rxd8 Rxd8 25. f4 Rh8 26. Qg3 Nxc5 27. Nf1 e6 28. Nd2 Bf8 29. Kf1 Be7 30. Qe3 g3 31. Bd4 b6 32. a5 Rd8 33. Qf3 Qh4 34. Be3 bxa5 35. Ke2 Rd5 36. Ra1 a4 37. bxa4 a5 38. Ra3 Ne4 39. Rd3 Nxd2 40. Rxd2 Bb4 41. Rxd5 cxd5 42. Bd4 Qh1 43. c3 Be7 44. Qf1 Qh8 45. Ke3 Qh5 46. Bb6 Qh8 47. Bxa5 Qa8 48. Bb6 Qxa4 49. Kf3 Bh4 50. Bd4 Qc2 51. Qe2 Qb1 52. Bc5 Kg6 53. Bd4 Kf7 54. Bc5 Ke8 55. Bd4 Kd7 56. Bc5 Kc6 57. Qa6+ Kc7 58. Qd6+ Kb7 59. Qd7+ 1-0

[Event "BL 2425 SF Bad Mergentheim - Hamburger S"]
[Site "?"]
[Date "2025.04.26"]
[Round "14.8"]
[White "Vlasak, Lukas"]
[Black "Heinemann, Thies"]
[Result "1/2-1/2"]
[WhiteElo "2443"]
[BlackElo "2418"]
[PlyCount "102"]
[EventDate "2025.??.??"]

1. d4 Nf6 2. c4 e6 3. Nf3 b6 4. g3 Ba6 5. Nbd2 Bb4 6. Qc2 Bb7 7. Bg2 Be4 8. Qa4 Bxd2+ 9. Bxd2 O-O 10. O-O d6 11. Rfd1 Nbd7 12. Ne1 Bxg2 13. Nxg2 Ne4 14. Be1 f5 15. f3 Ng5 16. Nf4 Qe7 17. Bf2 Nf6 18. Rac1 Nf7 19. c5 g5 20. cxd6 cxd6 21. Nd3 g4 22. Nf4 Ng5 23. Kg2 Rac8 24. Qb3 Qf7 25. Qe3 h6 26. Be1 Nd5 27. Qd2 Qb7 28. Qd3 Kg7 29. Bd2 Nxf4+ 30. Bxf4 Qd5 31. b3 Rxc1 32. Rxc1 Rf7 33. Bxg5 hxg5 34. Qc4 Qxc4 35. Rxc4 d5 36. Rc6 Kf6 37. h3 gxh3+ 38. Kxh3 Rh7+ 39. Kg2 Rg7 40. b4 Ke7 41. Rc7+ Kf6 42. Rc8 Re7 43. a4 Rh7 44. Rc6 Rb7 45. Kf2 Rh7 46. Kg2 Rd7 47. b5 Ke7 48. e3 Kf6 49. Rc8 Rh7 50. Rc6 Rd7 51. Rc8 Rh7 1/2-1/2

[Event "BL 2425 SC Heimbach-Weis-Neuwied - Düss"]
[Site "?"]
[Date "2025.04.26"]
[Round "14.2"]
[White "Kraemer, Martin"]
[Black "Giri, Anish"]
[Result "1/2-1/2"]
[WhiteElo "2577"]
[BlackElo "2738"]
[PlyCount "52"]
[EventDate "2025.??.??"]

1. e4 c5 2. Nf3 Nc6 3. d4 cxd4 4. Nxd4 Nf6 5. Nc3 d6 6. Bg5 e6 7. Qd2 a6 8. O-O-O Bd7 9. Kb1 Be7 10. f3 Qc7 11. h4 Nxd4 12. Qxd4 b5 13. Qd2 h6 14. Be3 h5 15. Bd3 b4 16. Ne2 a5 17. Bg5 Rc8 18. Rc1 Qb6 19. Be3 Qb7 20. c4 e5 21. Ng3 g6 22. Nf1 Bc6 23. Bf2 Kf8 24. Ne3 Kg7 25. Nd5 Bd8 26. Qe2 Qb8 1/2-1/2

[Event "BL 2425 SC Heimbach-Weis-Neuwied - Düss"]
[Site "?"]
[Date "2025.04.26"]
[Round "14.3"]
[White "Sindarov, Javokhir"]
[Black "Krejci, Jan"]
[Result "1-0"]
[WhiteElo "2706"]
[BlackElo "2508"]
[PlyCount "81"]
[EventDate "2025.??.??"]

1. e4 e5 2. Nf3 Nf6 3. d4 Nxe4 4. dxe5 d5 5. Nbd2 Nxd2 6. Bxd2 Nd7 7. Be2 Be7 8. O-O O-O 9. Re1 Nc5 10. Be3 Bg4 11. Nd4 Bxe2 12. Qxe2 Ne6 13. Nf5 g6 14. Nh6+ Kh8 15. Rad1 c6 16. c4 d4 17. Qg4 Bc5 18. Bd2 Qe7 19. Qf3 f5 20. exf6 Rxf6 21. Qe4 Re8 22. g3 Ng7 23. Qxe7 Bxe7 24. Rxe7 Rxe7 25. Bg5 Ne8 26. Ng4 Kg7 27. Nxf6 Nxf6 28. Rxd4 h6 29. Be3 g5 30. Rd8 a6 31. Kg2 Kf7 32. h3 Nd7 33. b3 Ne5 34. Bc5 Rd7 35. Rxd7+ Nxd7 36. Bd4 c5 37. Bb2 b5 38. cxb5 axb5 39. Kf3 c4 40. bxc4 bxc4 41. Bd4 1-0

[Event "BL 2425 SC Heimbach-Weis-Neuwied - Düss"]
[Site "?"]
[Date "2025.04.26"]
[Round "14.4"]
[White "Polak, Tomas"]
[Black "Van Foreest, Jorden"]
[Result "0-1"]
[WhiteElo "2473"]
[BlackElo "2681"]
[PlyCount "70"]
[EventDate "2025.??.??"]

1. Nf3 Nf6 2. c4 e6 3. Nc3 Bb4 4. Qc2 O-O 5. a3 Bxc3 6. Qxc3 d6 7. b4 Re8 8. Bb2 e5 9. g3 c5 10. b5 a6 11. d3 axb5 12. cxb5 Nbd7 13. Bg2 Nb6 14. O-O Na4 15. Qc2 Bd7 16. Rfb1 h6 17. Bc3 Nd5 18. Be1 Nc7 19. b6 Ne6 20. Nh4 Nd4 21. Qd1 Bc6 22. e3 Bxg2 23. Kxg2 Ne6 24. Qg4 g6 25. f4 Ng7 26. e4 c4 27. f5 g5 28. Nf3 cxd3 29. h4 h5 30. Qxg5 Qxg5 31. hxg5 d5 32. Nh4 Rac8 33. Rc1 dxe4 34. Rc7 Nxb6 35. Rxb7 Nd5 0-1

[Event "BL 2425 SC Heimbach-Weis-Neuwied - Düss"]
[Site "?"]
[Date "2025.04.26"]
[Round "14.5"]
[White "Esipenko, Andrey"]
[Black "Zilka, Stepan"]
[Result "1/2-1/2"]
[WhiteElo "2696"]
[BlackElo "2515"]
[PlyCount "99"]
[EventDate "2025.??.??"]

1. d4 Nf6 2. c4 e6 3. Nf3 d5 4. Nc3 c5 5. e3 Nc6 6. a3 a6 7. b3 Be7 8. dxc5 Bxc5 9. Bb2 dxc4 10. Qxd8+ Nxd8 11. Bxc4 b5 12. Bd3 Bb7 13. O-O O-O 14. Rfc1 Be7 15. Ne5 Nc6 16. Nd5 Nxd5 17. Nxc6 Bxc6 18. Rxc6 Rfd8 19. Be4 Bf6 20. Bxf6 Nxf6 21. Bf3 e5 22. Rd1 Rxd1+ 23. Bxd1 Kf8 24. Kf1 Ra7 25. g4 Ke7 26. g5 Ne4 27. h4 Kd7 28. Rc1 h6 29. Bg4+ Ke7 30. gxh6 gxh6 31. Ke1 a5 32. Rc6 b4 33. a4 Nd6 34. Rc5 Kf6 35. Rc6 Ke7 36. Ke2 f5 37. Bf3 Ke6 38. Rc5 e4 39. Bh5 Rg7 40. Kf1 Nb7 41. Rc6+ Nd6 42. Be2 Ra7 43. Rc5 Ra8 44. Ke1 Ra7 45. Bf1 Ra8 46. Bh3 Kf6 47. Rd5 Ke6 48. Rc5 Kf6 49. Rd5 Ke6 50. Rc5 1/2-1/2

[Event "BL 2425 SC Heimbach-Weis-Neuwied - Düss"]
[Site "?"]
[Date "2025.04.26"]
[Round "14.6"]
[White "Ferreira, Jorge Viterbo"]
[Black "Sadhwani, Raunak"]
[Result "0-1"]
[WhiteElo "2549"]
[BlackElo "2665"]
[PlyCount "100"]
[EventDate "2025.??.??"]

1. e4 e5 2. Nf3 Nc6 3. Bb5 Nf6 4. d3 Bc5 5. Bxc6 dxc6 6. Nbd2 Be6 7. O-O Bd6 8. d4 Nd7 9. dxe5 Nxe5 10. Nxe5 Bxe5 11. f4 Bd4+ 12. Kh1 f5 13. Qe2 Qf6 14. exf5 Qxf5 15. Re1 Kd7 16. Nf3 Bf6 17. Qd1+ Kc8 18. Nd4 Bxd4 19. Qxd4 Rd8 20. Qe5 Qxe5 21. fxe5 a5 22. Bg5 Re8 23. a4 b6 24. Rad1 Kb7 25. Kg1 Rf8 26. Rf1 Rxf1+ 27. Rxf1 b5 28. Be7 Re8 29. Bc5 Rd8 30. h3 Rd5 31. Bf8 g6 32. Bg7 Rd4 33. Rf8 Rxa4 34. Re8 Bd5 35. Re7 Ra1+ 36. Kf2 Rc1 37. e6 Rxc2+ 38. Ke3 Rc4 39. Bh6 Re4+ 40. Kd2 c5 41. Rxh7 Bxe6 42. Be3 Rb4 43. Kc1 Bb3 44. Kd2 Bd5 45. Bxc5 Rxb2+ 46. Kc1 Rb3 47. Kc2 a4 48. Bd6 Be4+ 49. Kc1 Rc3+ 50. Kb2 b4 0-1

[Event "BL 2425 SC Heimbach-Weis-Neuwied - Düss"]
[Site "?"]
[Date "2025.04.26"]
[Round "14.7"]
[White "Bologan, Victor"]
[Black "Kosakowski, Jakub"]
[Result "1/2-1/2"]
[WhiteElo "2605"]
[BlackElo "2522"]
[PlyCount "82"]
[EventDate "2025.??.??"]

1. e4 c5 2. Nf3 d6 3. d4 cxd4 4. Nxd4 Nf6 5. f3 e5 6. Nb3 a5 7. Bb5+ Nc6 8. Nc3 Be7 9. Be3 O-O 10. Qd2 Be6 11. O-O-O Nb4 12. a3 Qc7 13. Bg5 a4 14. Bxa4 Rxa4 15. axb4 Rc8 16. Bxf6 Bxf6 17. Kb1 Rxb4 18. Qxd6 Qc4 19. Rd3 Ra4 20. Nxa4 Qxc2+ 21. Ka1 Bxb3 22. Rc3 Rxc3 23. Nxc3 h5 24. Nd5 Bg5 25. Qxe5 Qxg2 26. Rb1 Qf2 27. Qb8+ Kh7 28. Qxb7 Qxf3 29. Qb5 Bc2 30. Rg1 Qf2 31. Qb6 Qd2 32. Qb4 Qxh2 33. Qc5 Qe2 34. Nb4 Be3 35. Qf5+ Kh6 36. Qf1 Qd2 37. Rg2 Qxb4 38. Rxc2 Qxe4 39. Rc8 g6 40. Qxf7 Qa4+ 41. Kb1 Qd1+ 1/2-1/2

[Event "BL 2425 SC Viernheim - SG Solingen"]
[Site "?"]
[Date "2025.04.26"]
[Round "14.1"]
[White "Warmerdam, Max"]
[Black "Abdusattorov, Nodirbek"]
[Result "1/2-1/2"]
[WhiteElo "2622"]
[BlackElo "2773"]
[PlyCount "51"]
[EventDate "2025.??.??"]

1. Nf3 d5 2. d4 Nf6 3. Bf4 Bf5 4. e3 e6 5. Nbd2 Nbd7 6. Be2 h6 7. O-O g5 8. Bg3 Nh5 9. c4 Nxg3 10. hxg3 c6 11. Ne1 Bd6 12. Bd3 Nf6 13. Bxf5 exf5 14. Nd3 Qe7 15. cxd5 cxd5 16. Qf3 Ne4 17. Rfd1 Nxd2 18. Rxd2 Qe4 19. Qd1 O-O 20. Qb3 f4 21. exf4 gxf4 22. Nxf4 Bxf4 23. gxf4 Rae8 24. Rd3 Re6 25. Rad1 Rfe8 26. Rg3+ 1/2-1/2

[Event "BL 2425 SC Viernheim - SG Solingen"]
[Site "?"]
[Date "2025.04.26"]
[Round "14.2"]
[White "Mamedyarov, Shakhriyar"]
[Black "L'Ami, Erwin"]
[Result "1/2-1/2"]
[WhiteElo "2748"]
[BlackElo "2618"]
[PlyCount "51"]
[EventDate "2025.??.??"]

1. Nf3 d5 2. b3 Bg4 3. Bb2 Nd7 4. d3 Bxf3 5. exf3 e5 6. Qe2 Bd6 7. f4 Qe7 8. fxe5 Bxe5 9. d4 Bd6 10. c4 Ngf6 11. Nc3 c6 12. O-O-O O-O 13. c5 Bf4+ 14. Kc2 Qd8 15. Qf3 Bc7 16. Bd3 Re8 17. h4 Nf8 18. g4 Ne6 19. Ne2 b6 20. cxb6 axb6 21. Kb1 b5 22. Ng3 Bxg3 23. fxg3 b4 24. Rhf1 Qa5 25. g5 Qxa2+ 26. Kc1 1/2-1/2

[Event "BL 2425 SC Viernheim - SG Solingen"]
[Site "?"]
[Date "2025.04.26"]
[Round "14.3"]
[White "Ragger, Markus"]
[Black "Maghsoodloo, Parham"]
[Result "0-1"]
[WhiteElo "2585"]
[BlackElo "2684"]
[PlyCount "80"]
[EventDate "2025.??.??"]

1. d4 d5 2. c4 e6 3. Nf3 Nf6 4. g3 Bb4+ 5. Bd2 Be7 6. Bg2 O-O 7. O-O c6 8. Qc2 b6 9. Bf4 Ba6 10. Nbd2 Nbd7 11. Rfe1 Nh5 12. e3 Rc8 13. h4 c5 14. cxd5 cxd4 15. Qa4 Nc5 16. Qa3 dxe3 17. Bxe3 Bb7 18. dxe6 fxe6 19. Red1 Rc7 20. Bg5 Bxg5 21. Nxg5 Bxg2 22. Kxg2 h6 23. Nh3 Rd7 24. Qe3 Rd3 25. Qe5 Rf5 26. Qe2 Nxg3 27. fxg3 Rfd5 28. Nf2 Rxd2 29. Rxd2 Rxd2 30. Rd1 Qd5+ 31. Qf3 Rxd1 32. Nxd1 Qxa2 33. h5 a5 34. Qa8+ Kh7 35. Qe8 Qd5+ 36. Kh2 Qd7 37. Qg6+ Kg8 38. Ne3 Qf7 39. Qg4 Qf2+ 40. Ng2 Qxb2 0-1

[Event "BL 2425 SC Viernheim - SG Solingen"]
[Site "?"]
[Date "2025.04.26"]
[Round "14.4"]
[White "Sarana, Alexey"]
[Black "Andersen, Mads"]
[Result "1-0"]
[WhiteElo "2672"]
[BlackElo "2576"]
[PlyCount "79"]
[EventDate "2025.??.??"]

1. c4 e6 2. Nc3 d5 3. d4 c5 4. cxd5 exd5 5. Nf3 Nf6 6. Bg5 Be6 7. g3 Nc6 8. Bg2 h6 9. Bxf6 Qxf6 10. dxc5 Rd8 11. Qb3 Qe7 12. Nb5 d4 13. Qc2 d3 14. Qd2 Qd7 15. Qxd3 Qxd3 16. exd3 Bxc5 17. Nc7+ Ke7 18. Nxe6 fxe6 19. Rd1 Nb4 20. Ne5 Kf6 21. f4 g5 22. Bxb7 gxf4 23. gxf4 Rhg8 24. a3 Nd5 25. Bxd5 Rxd5 26. Rd2 Kf5 27. Re2 Rb8 28. Rf1 Rb3 29. Rf3 Bd4 30. Nc4 Rd8 31. Kd1 Rdb8 32. Kc1 Rc8 33. Kb1 Rcb8 34. Rh3 Bg7 35. Ka2 a6 36. Rhe3 Bd4 37. Rxe6 Rxd3 38. Rxh6 Kxf4 39. Rxa6 Rh3 40. Rd6 1-0

[Event "BL 2425 SC Viernheim - SG Solingen"]
[Site "?"]
[Date "2025.04.26"]
[Round "14.5"]
[White "Van Wely, Loek"]
[Black "Anton Guijarro, David"]
[Result "1/2-1/2"]
[WhiteElo "2608"]
[BlackElo "2639"]
[PlyCount "51"]
[EventDate "2025.??.??"]

1. d4 d5 2. c4 dxc4 3. Nf3 Nf6 4. e3 e6 5. Bxc4 c5 6. O-O Nc6 7. Nc3 a6 8. a4 Be7 9. Qe2 cxd4 10. Rd1 e5 11. exd4 exd4 12. Nxd4 Nxd4 13. Qe5 Qd6 14. Qxd6 Bxd6 15. Rxd4 Be5 16. Rh4 O-O 17. Bf4 Bxc3 18. bxc3 Re8 19. Bd3 h6 20. Be3 Bd7 21. Bd4 Rac8 22. Rb1 Nd5 23. h3 b5 24. axb5 Nxc3 25. Bxc3 Rxc3 26. Bf1 1/2-1/2

[Event "BL 2425 SC Viernheim - SG Solingen"]
[Site "?"]
[Date "2025.04.26"]
[Round "14.6"]
[White "Korobov, Anton"]
[Black "Smeets, Jan"]
[Result "1/2-1/2"]
[WhiteElo "2626"]
[BlackElo "2568"]
[PlyCount "77"]
[EventDate "2025.??.??"]

1. d4 d5 2. c4 c6 3. Nf3 Nf6 4. Nc3 dxc4 5. a4 Bf5 6. e3 e6 7. Bxc4 Bb4 8. O-O O-O 9. Qe2 Bg6 10. Ne5 Nbd7 11. Nxg6 hxg6 12. Rd1 Qa5 13. Na2 Qxa4 14. e4 e5 15. Be3 Qa5 16. g3 Be7 17. Nc3 Qc7 18. f4 exd4 19. Bxd4 Nb6 20. Bb3 c5 21. Nb5 Qc6 22. Bxf6 gxf6 23. Nxa7 Qe8 24. Kg2 Qb8 25. Nb5 Rxa1 26. Rxa1 Rd8 27. h4 c4 28. Bc2 Qc8 29. Nc3 Qc5 30. Rh1 Qd4 31. Kf3 Qd2 32. Rd1 Qxe2+ 33. Kxe2 Rxd1 34. Bxd1 Bc5 35. Nb5 Nc8 36. Kf3 Nd6 37. Ba4 Nxb5 38. Bxb5 Bd4 39. Bxc4 1/2-1/2

[Event "BL 2425 SC Viernheim - SG Solingen"]
[Site "?"]
[Date "2025.04.26"]
[Round "14.7"]
[White "Halvax, Georg"]
[Black "Amin, Bassem"]
[Result "0-1"]
[WhiteElo "2441"]
[BlackElo "2648"]
[PlyCount "58"]
[EventDate "2025.??.??"]

1. d4 Nf6 2. c4 d6 3. Nc3 e5 4. d5 Be7 5. e4 O-O 6. Bd3 a5 7. h4 Na6 8. g3 c6 9. f3 Nc5 10. Bc2 cxd5 11. cxd5 Nh5 12. Nce2 g6 13. Bh6 Ng7 14. Qd2 f5 15. h5 Qe8 16. exf5 Bxf5 17. g4 Bxc2 18. Qxc2 e4 19. O-O-O Rc8 20. Kb1 Nd3 21. Nc3 Bf6 22. Rxd3 exd3 23. Qxd3 Qe1+ 24. Nd1 g5 25. f4 Rfe8 26. Bxg7 Re3 27. Ne2 Qxh1 28. Qxe3 Qxd1+ 29. Nc1 Qc2+ 0-1

[Event "BL 2425 SC Viernheim - SG Solingen"]
[Site "?"]
[Date "2025.04.26"]
[Round "14.8"]
[White "Buhmann, Rainer"]
[Black "Wegerle, Joerg"]
[Result "1-0"]
[WhiteElo "2543"]
[BlackElo "2413"]
[PlyCount "59"]
[EventDate "2025.??.??"]

1. d4 d5 2. Nf3 Nf6 3. c4 c6 4. e3 g6 5. Nc3 Bg7 6. Be2 O-O 7. O-O dxc4 8. Bxc4 Bg4 9. Be2 Nbd7 10. e4 Bxf3 11. Bxf3 e5 12. dxe5 Nxe5 13. Be2 Ned7 14. f4 Nc5 15. e5 Nfe4 16. Nxe4 Nxe4 17. Be3 Qxd1 18. Raxd1 Rfd8 19. Bd3 f5 20. g4 Kf8 21. gxf5 gxf5 22. Kg2 Rd5 23. Bc4 Rxd1 24. Rxd1 Ke7 25. Kf3 Bf8 26. Bb3 a5 27. Bc2 a4 28. Bxe4 fxe4+ 29. Kxe4 a3 30. b3 1-0

[Event "BL 2425 SK Kirchweyhe - Schachfreunde De"]
[Site "?"]
[Date "2025.04.27"]
[Round "15.1"]
[White "Kollars, Dmitrij"]
[Black "Saric, Ivan"]
[Result "1/2-1/2"]
[WhiteElo "2623"]
[BlackElo "2659"]
[PlyCount "88"]
[EventDate "2025.??.??"]

1. e4 c5 2. Nf3 d6 3. d4 cxd4 4. Nxd4 Nf6 5. Nc3 a6 6. h3 e6 7. g4 h6 8. a3 d5 9. Nde2 Nxe4 10. Nxe4 dxe4 11. Qxd8+ Kxd8 12. Be3 Bd7 13. O-O-O Ke8 14. Bg2 Be7 15. Nc3 f5 16. gxf5 exf5 17. Nd5 Bd8 18. f3 g5 19. fxe4 f4 20. Bd4 Rg8 21. e5 Nc6 22. Bb6 Be6 23. Bxd8 Rxd8 24. Nf6+ Ke7 25. Nxg8+ Rxg8 26. Rd6 Rf8 27. Be4 f3 28. Rd3 f2 29. Rf1 Bc4 30. Kd2 Nxe5 31. Ke3 Nxd3 32. cxd3 Be6 33. Bxb7 Bxh3 34. Rxf2 Rxf2 35. Kxf2 a5 36. b4 axb4 37. axb4 Kd6 38. Bf3 Bf5 39. d4 Bg6 40. Kg3 h5 41. b5 Kc7 42. d5 Be8 43. Be2 Bf7 44. Bf3 Be8 1/2-1/2

[Event "BL 2425 SK Kirchweyhe - Schachfreunde De"]
[Site "?"]
[Date "2025.04.27"]
[Round "15.2"]
[White "Brkic, Ante"]
[Black "Bluebaum, Matthias"]
[Result "1/2-1/2"]
[WhiteElo "2586"]
[BlackElo "2662"]
[PlyCount "43"]
[EventDate "2025.??.??"]

1. e4 c6 2. d4 d5 3. e5 Bf5 4. Nf3 e6 5. Be2 c5 6. Be3 Nd7 7. O-O Ne7 8. c4 dxc4 9. Bxc4 Bg4 10. dxc5 Nc6 11. Bb5 Bxc5 12. Bxc5 Nxc5 13. Bxc6+ bxc6 14. Nbd2 Qd5 15. Qe2 Rd8 16. Qe3 O-O 17. b3 Nd3 18. Qxa7 c5 19. Qa4 Bxf3 20. Nxf3 Nxe5 21. Nxe5 Qxe5 22. Qc4 1/2-1/2

[Event "BL 2425 SK Kirchweyhe - Schachfreunde De"]
[Site "?"]
[Date "2025.04.27"]
[Round "15.3"]
[White "Gledura, Benjamin"]
[Black "Predojevic, Borki"]
[Result "1-0"]
[WhiteElo "2666"]
[BlackElo "2568"]
[PlyCount "47"]
[EventDate "2025.??.??"]

1. c4 e6 2. Nf3 d5 3. e3 Nf6 4. Nc3 Be7 5. b3 O-O 6. Bb2 c5 7. cxd5 exd5 8. Rc1 Bg4 9. h3 Bxf3 10. Qxf3 Nc6 11. Bb5 Rc8 12. O-O a6 13. Bxc6 Rxc6 14. Rfd1 Qd7 15. d4 cxd4 16. Rxd4 Rfc8 17. e4 Bc5 18. Rdd1 d4 19. Nd5 Re8 20. Rxc5 Rxc5 21. Nxf6+ gxf6 22. Bxd4 Rc1 23. Qg3+ Kf8 24. Bc5+ 1-0

[Event "BL 2425 SK Kirchweyhe - Schachfreunde De"]
[Site "?"]
[Date "2025.04.27"]
[Round "15.4"]
[White "Kadric, Denis"]
[Black "Kamsky, Gata"]
[Result "1/2-1/2"]
[WhiteElo "2533"]
[BlackElo "2603"]
[PlyCount "73"]
[EventDate "2025.??.??"]

1. e4 b6 2. d4 Bb7 3. Bd3 e6 4. Qe2 g6 5. Nf3 Bg7 6. c3 d6 7. O-O Nd7 8. a4 a6 9. Nbd2 Ngf6 10. Re1 O-O 11. h3 e5 12. dxe5 Nxe5 13. Nxe5 dxe5 14. a5 Nh5 15. Nf3 b5 16. c4 b4 17. c5 Nf4 18. Bxf4 exf4 19. Ra4 Bc6 20. Rxb4 Rb8 21. Rxb8 Qxb8 22. Bxa6 Qb4 23. Bc4 Qxa5 24. Rc1 Kh8 25. Bd5 Bb5 26. Qc2 c6 27. Bc4 Bxc4 28. Qxc4 Bxb2 29. Rc2 Bf6 30. Ra2 Qc7 31. Ra6 Kg7 32. e5 Bxe5 33. Qe4 Bf6 34. Rxc6 Qb7 35. Re6 Qb2 36. Rc6 Qb7 37. Re6 1/2-1/2